| 000 | 00906nam a2200241 a 4500 | ||
|---|---|---|---|
| 001 | 000025730 | ||
| 005 | 20200930024014.0 | ||
| 008 | 110221s1981 mx a r 001 0 spa d | ||
| 020 | _a9681308530 | ||
| 040 |
_aDO-SdBNP _bspa _cBNPHU |
||
| 082 |
_a940.3 _bE56b, 1968 |
||
| 130 | 0 |
_aEncyclopedia americana _952515 |
|
| 240 | 1 | 0 |
_aA concise history of world war i. _lEspañol |
| 245 | 0 | 0 |
_aBreve historia de la primera guerra mundial / _cpreparada para la encyclopedia americana bajo la dirección y asesoramiento de Vincent J. Espósito ; traducción Ramón Palazón Bertrán. |
| 250 | _a2a ed. | ||
| 260 |
_aMéxico, D. F. : _bDiana, _c1981. |
||
| 300 |
_a477 p. : _bil., mapa. ; _c22 cm. |
||
| 500 | _aTraducido del inglés. | ||
| 500 | _aIncluye índice. | ||
| 650 | 4 |
_aGuerra mundial i, 1914-1918 _96232 |
|
| 700 | 1 |
_aEspócito, Vincent J. _952516 |
|
| 700 | 1 |
_aPalazón Bertrán, Ramón, _etr. _952517 |
|
| 999 |
_c25222 _d25222 |
||